| 000 | 00406nam a22001217a 4500 | ||
|---|---|---|---|
| 082 | _aP-792 | ||
| 100 |
_aKashif Mehmood _951454 |
||
| 245 |
_aApplication of Building Information Modeling In the Project Execution: Nowshera Medical College as a Case Study _bSyn#33 |
||
| 260 |
_aRisalpur, _bMCE, _c2018. |
||
| 526 |
_a0 _b0 _c0 _dP_792 |
||
| 700 |
_a Maj. Dr. Hafiz Zahoor Ahmad Khan _951455 |
||
| 942 |
_2ddc _cBK |
||
| 999 |
_c554130 _d554130 |
||